000 00593nam a2200241 a 4500
001 nice12345678
003 IN_TiNIC
005 20260116011418.0
008 050524s1934 hyda grp 000 0 urd
020 _a
_c100
082 0 0 _a180
_bWRI
100 _aWright, J
245 _aPhaedras Lysius and Brotaghorus
260 _aHyderabad
_bOsmania University
_c1934
300 _a222p
500 _aincludes index and biblioraphy
505 2 _aPlus Some Other Tracts
650 _aPhilosophy-Greek-Plotinus
700 1 _aWright, J
902 _bSRS
942 _cBK
999 _c1311
_d1311